000 00691nam a2200241Ia 4500
003 OSt
005 20220923212103.0
006 a|||||r|||| 00| 0
007 ta
008 220922b |||||||| |||| 00| 0 hin d
024 _a150,639
037 _cTextual
040 _aARTS
_cARTS
_bhin
041 _2hin
_ahin
082 _aH19, 152M0
100 _aशर्मा, आनचन्द
_9156318
245 0 _aरत्नाशास्त्र दिग्दर्शन
246 _aRatnāshāstra digdarshana
260 _c1980
300 _a123 पृ.
_ccm.
942 _hH19, 152M0
_cTEXL
_2CC
999 _c306319
_d306319